Statistics for Countries with a Majority Protestant Christian Population

Click here to take the quiz!

General Stats

  • This quiz has been taken 715 times
    (675 since last reset)
  • The average score is 15 of 31

Answer Stats

%Country% Correct
50United Kingdom
96%
64Sweden
76%
80Norway
75%
73Finland
73%
79Denmark
71%
68South Africa
71%
80Iceland
62%
60Kenya
57%
67Zimbabwe
53%
74Namibia
52%
68Zambia
50%
66Botswana
48%
50Lesotho
44%
60Jamaica
44%
67Barbados
42%
74St Kitts & Nevis
42%
76Bahamas
42%
51Dem. Rep. Congo
41%
61Ghana
40%
77St Vincent & Grenadines
40%
67Swaziland
38%
51Rep. of Congo
38%
68Antigua & Barbuda
35%
73Tonga
34%
55Malawi
34%
94Tuvalu
32%
66Nauru
30%
77Marshall Islands
28%
75Liberia
26%
61Central African Republic
21%
62Papua New Guinea
20%

Score Distribution

Percentile by Number Answered

Percent of People with Each Score

Your Score History

You have not taken this quiz since the last reset